| 000 | 00628cam a2200133 4500500 | ||
|---|---|---|---|
| 005 | 20260111081821.0 | ||
| 041 | _afre | ||
| 042 | _adc | ||
| 245 | 0 | 0 | _aGEVART, Pierre, Institutions françaises et européennes : bilan et perspectives. Paris (France) : Sirey (www.dalloz.fr), 2003. 440 p. (Sirey intégral concours) ISBN:2-24-705-382-3 |
| 260 | _c2005. | ||
| 500 | _a1 | ||
| 786 | 0 | _nRevue Internationale des Sciences Administratives | 71 | 1 | 2005-03-01 | p. 185j-190j | 0303-965X | |
| 856 | 4 | 1 | _uhttps://droit.cairn.info/revue-internationale-des-sciences-administratives-2005-1-page-185j?lang=fr&redirect-ssocas=7080 |
| 999 |
_c1616977 _d1616977 |
||